000 00480nam a2200169 i 4500
001 32611
003 ES-MaACL
005 20231218194914.0
007 t|
008 030131s1921 sp ||||1| spa d
100 1 _aBernal, Emilia,
_d1884-1964
_928177
245 1 0 _aLayka Froyka
_b: el romance de cuando yo era niña /
_cEmilia Bernal.
260 _aMadrid :
_b[s.n,
_c1921] (
_fGalo Sèz)
300 _a190 p. ;
_c19 cm.
852 _aES-MaACL
_jE-1167
999 _c32611
_d32611